Para el análisis de los fenómenos sociopolíticos coyunturales -Premisas y perspectivas - /

Salvato in:
Dettagli Bibliografici
Autore principale: Delich, Francisco
Natura: testo
Soggetti:
Tags: Aggiungi Tag
Nessun Tag, puoi essere il primo ad aggiungerne!!

MARC

LEADER 00000 a a2200000 04500
001 16721
003
040
100 |a Delich, Francisco  
245 |a Para el análisis de los fenómenos sociopolíticos coyunturales -Premisas y perspectivas - /  |c Francisco Delich 
650 |a POLITICA  
650 |a SOCIEDAD  
650 |a INVESTIGACION  
650 |a ECONOMIA  
650 |a PARAGUAY  
773 |g volumen 13, número 37; páginas 231-240  
999 |c 39616  |d 39616